| Tag |
First Indicator |
Second Indicator |
Subfields |
| LEADER |
00000cam a2200000 4500 |
| 001 |
in00000059686 |
| 005 |
20151008050516.0 |
| 008 |
750710s1953 nyu 00000 eng u |
| 010 |
|
|
|a 52014035
|
| 035 |
|
|
|a (OCoLC)01439775
|
| 035 |
|
|
|9 AAG1467AM
|
| 040 |
|
|
|c JPL
|d TXA
|d UtOrBLW
|
| 049 |
|
|
|a TXAM
|c [219073]
|
| 050 |
0 |
0 |
|a E447
|b .O9
|
| 082 |
0 |
|
|a 326.1
|
| 090 |
|
|
|a E447
|b .O9 1953
|
| 092 |
|
|
|a 326.1
|b O97s
|
| 100 |
1 |
|
|a Owens, William A.,
|d 1905-1990.
|
| 245 |
1 |
0 |
|a Slave mutiny ;
|b the revolt on the schooner Amistad /
|c William A. Owens.
|
| 264 |
|
1 |
|a New York :
|b J. Day Co.,
|c [1953]
|
| 300 |
|
|
|a 312 pages :
|b illustrations ;
|c 21 cm.
|
| 336 |
|
|
|a text
|b txt
|2 rdacontent
|
| 337 |
|
|
|a unmediated
|b n
|2 rdamedia
|
| 338 |
|
|
|a volume
|b nc
|2 rdacarrier
|
| 610 |
2 |
0 |
|a Amistad (Schooner)
|
| 650 |
|
0 |
|a Slavery
|z United States
|x Law and legislation.
|
| 948 |
|
|
|a cataloged
|b h
|c 2008/7/25
|d c
|e vilik
|f 10:59:36 am
|
| 999 |
|
|
|a MARS
|
| 999 |
f |
f |
|s d0be28ab-c4f2-32d6-b2a0-543e4e3b2ee6
|i 094dea74-f886-35c3-8ce7-25cf20db0aa9
|t 0
|
| 952 |
f |
f |
|p noncirc
|a Texas A&M University
|b College Station
|c Cushing Memorial Library & Archives
|d Cushing: Kelsey Americana (Does not check out)
|t 0
|e E447 .O9 1953
|h Library of Congress classification
|i unmediated -- volume
|
| 998 |
f |
f |
|a E447 .O9 1953
|t 0
|l Cushing: Kelsey Americana (Does not check out)
|